| 000 | 00890nac a22002657a 4500 | ||
|---|---|---|---|
| 001 | BR7500057 | ||
| 003 | BR-BrBNA | ||
| 005 | 20240105113825.0 | ||
| 008 | 230509b bl.|||m| |||| 00| 0 por d | ||
| 040 |
_aBR-BrBNA _bpor _cBiblioteca Nacional de Agricultura |
||
| 072 | _aE15; E70 | ||
| 090 | _aE15 BR7500057 | ||
| 110 | 1 |
_aCooperativa de Producao e Consumo Concordia Ltda., SC (Brasil) _92861 |
|
| 245 | 1 | _aRelatorio do exercicio de 1973. COPERDIA [Cooperativa de Producao e Consumo Concordia Ltda.; Brasil] | |
| 260 | 3 |
_aConcordia, SC (Brasil): _c1974. |
|
| 300 | _a25 p. | ||
| 490 |
_aRelatorio - Cooperativa de Producao e Consumo Concordia Ltda. (Brazil) _v _x |
||
| 650 | _aCOOPERATIVA | ||
| 650 | _aCOOPERATIVA DE CONSUMO | ||
| 650 | _aVENDA | ||
| 650 | _aDESPESA | ||
| 650 | _aSANTA CATARINA | ||
| 909 |
_a202312 _bLúcia Elande _c55 _dLúcia Elande |
||
| 942 |
_2AGRIS _n0 _cMS |
||
| 999 |
_c265782 _d265782 |
||